| 000 | 00699nam a22002057a 4500 | ||
|---|---|---|---|
| 003 | OSt | ||
| 005 | 20260601193857.0 | ||
| 008 | 260420b2007 gw a|||| |||| 00| 0 eng d | ||
| 020 | _a 9783899551679 | ||
| 040 |
_aICI _bspa _cICI |
||
| 050 |
_aNK1510 _bB55 |
||
| 100 | 1 |
_aBilz, Silja, _eautor _933233 |
|
| 245 |
_aThe little know-it-all : |b common sense for designers / _ctext by Silja Bilz ; edited by Robert Klanten, Mika Mischler and Silja Bilz |
||
| 260 |
_a Berlin : _bGestalten, _c2007 |
||
| 300 |
_a351 páginas _bilustraciones _c17cm. |
||
| 650 |
_a Diseño _vManuales _933234 |
||
| 700 |
_aKlanten, Robert, _eeditor _933235 |
||
| 700 |
_aMischler, Michael, _eeditor _933236 |
||
| 942 |
_2lcc _cB _n0 |
||
| 999 |
_c22094 _d22094 |
||